00391nam a2200145 a 45000010005000000030009000050080041000140400028000550820015000831000042000982450040001402600031001803000010002116500024002217135CO-ViMGA141112s2004 ck r 000 u spa d aCO-ViMGAbspacCO-ViMGA04a636.3 R6271 aRodríguez del Ángel, Jaime Moises10aMetodos de investigación pecuaria aMexico : bTrillas, c1991 a208 p14aGANADO OVINO - CRIA